000 00260nam a2200121Ia 4500
008 190216s9999||||xx |||||||||||||| ||und||
100 _aNarayanan S
245 0 _aDynamics
260 _bS Chand & Co
_c1986
300 _a310p
650 _aPhysics
942 _cBK
999 _c32921
_d32921